00781nam a22002057a 450000100040000000500170000402000180002104000290003905000100006808200100007810000360008824500880012426000480021230000620026050500080032252001740033052100290050452100200053365000220055367020250805091946.0 a9780021790906 aFISKHbengcFISKHdFISKH aPZ8.3 a372.4 aAncona, George [ Photographer ] aDown by the bay /cphotographs by George Ancona ; illustrations by Lori Lohstoeter. aNew York : bMacmillan/McGraw-Hill ;c1993. a32 pages ;bphotos color illustrations ;c19 x​ 26 cm.  aD  aIn this song, two children imagine their mothers asking, "Did you ever see a goose kissing a moose, a fly wearing a tie, or llamas eating their pajamas down by the bay?" a160 bLexile estimate  aD bRaz-PLus  aChildren's songs.